European economic integration : limits and prospects

Αποθηκεύτηκε σε:
Λεπτομέρειες βιβλιογραφικής εγγραφής
Κύριος συγγραφέας: Jovanovic, Miroslav N. 1957-
Μορφή: Βιβλίο
Γλώσσα:English
Δημοσίευση: London : Routledge, c1997
Θέματα:
Ετικέτες: Προσθήκη ετικέτας
Δεν υπάρχουν, Καταχωρήστε ετικέτα πρώτοι!

MARC

LEADER 00000nam a2200000 i 4500
001 1/69988
008 981111s1997 eng d
020 |a 0-415-09549-2 
035 |l 10030514 
040 |a GR-MY-UA  |b gre  |e aacr 
041 0 |a eng 
082 0 |a 337.142 
100 1 |a Jovanovic, Miroslav N.  |d 1957- 
245 1 0 |a European economic integration :  |b limits and prospects /  |c Miroslav N. Jovanovic 
260 |a London :   |b Routledge,   |c c1997 
300 |a 389 p. 
500 |a Forward by Alexis Jacquemin 
504 |a Includes bibliographical references and index 
610 2 0 |a European Union. 
650 0 0 |a International economic integration. 
651 0 |a European Economic Community countries  |x Economic policy. 
651 0 |a European Union countries  |x Economic policy. 
651 0 |a Europe  |x Economic integration. 
852 |a INST  |b LESVOS  |e 19981111  |h 337.142 JOV  |p 005100017727  |q 005100017727  |t BK  |y 0 
901 |a BIBL-1999-1 
909 |a Λ  |b 059795 
922 |a 1ΕΛΗ  |b 199810  |c ΚΠΣ/ΤΓ  |d ΠΑΠΑΣΩΤΗΡΙΟΥ 
950 |a 118-1998-07-21 
970 |z 2000/05/ΟΙΚΟΝΟΜΟΠΟΥΛΟΥ ΧΡΙΣΤΙΝΑ